Science Quiz

Random Science or Animal Quiz

Reptiles Quiz Stats

Quiz Updated Dec 22, 2011

Also try: Snakes!
Challenge
Share
Tweet
Score 0/20 Timer 04:00
0 Plays Today
% Correct
King Cobra
94.9%
Saltwater Crocodile
92.1%
American Alligator
92%
Rattlesnake (Western Diamondback)
87.9%
Iguana (Green/Common)
84.8%
Gecko
82.4%
Loggerhead Turtle
81.4%
Snapping Turtle
71.4%
Giant Tortoise
69.9%
Chameleon (Jackson's)
61.1%
% Correct
Komodo Dragon
56.4%
Emerald Boa
47.6%
Gila Monster
38.9%
Flying Lizard
35.5%
Basilisk (Jesus Lizard)
28.7%
Bearded Dragon
23.1%
Frill-necked Lizard
16.4%
Anole
14.1%
Thorny Devil
10.8%
Gharial
9.4%

You're not logged in!

Compare scores with friends on all Sporcle quizzes.
Sign Up with Email
OR
Log In

You Might Also Like...

Show Comments

Extras

Top Quizzes Today


Score Distribution

Your Account Isn't Verified!

In order to create a playlist on Sporcle, you need to verify the email address you used during registration. Go to your Sporcle Settings to finish the process.